| 000 | 00440nam a2200145Ia 4500 | ||
|---|---|---|---|
| 008 | 170221s9999 xx 000 0 und d | ||
| 100 | _aEszter Deli | ||
| 245 | 4 | _aThe Hungarian Argumentation Culture in the Light of Modern Societies | |
| 245 | _cEszter Deli | ||
| 260 | _bOnline Journal of Communication and Media Technologies | ||
| 260 | _c2016 | ||
| 650 | _xCommunication | ||
| 650 | _xMedia Arts | ||
| 856 | _uhttp://www.ojcmt.net/ | ||
| 999 |
_c309096 _d309096 |
||